[Event "2024 British Rapidplay Championship"]
[Site "Holiday Inn Peterborough - West"]
[Date "2024.03.03"]
[Round "7.87"]
[White "Brookbanks, Alan"]
[Black "Knox, Edward"]
[Result "0-1"]
[WhiteFideId "343443389"]
[BlackFideId "343432328"]
[WhiteElo "1569"]
[BlackElo "1661"]
[EventDate "2024.03.02"]

1. c4 c5 2. e3 Nc6 3. d4 cxd4 4. exd4 e6 5. Nc3 Nf6 6. g3 Bb4 7. a3 Bxc3+ 8. bxc3
d5 9. Bg2 Qa5 10. Qc2 Nxd4 11. Qd3 Nb3 12. Rb1 Nxc1 13. Rxc1 Qxa3 14. Ne2 O-O 15.
O-O Rd8 16. Ra1 Qc5 17. h3 b6 18. cxd5 exd5 19. Rfd1 Be6 20. Nf4 Rd7 21. Nxe6 fxe6
22. Re1 Re8 23. Ra4 Rf7 24. Rh4 Ne4 25. Qd4 Qxd4 26. cxd4 Nxf2 27. Re2 Ne4 28. Bxe4
dxe4 29. Rhxe4 Rf6 30. d5 Kf7 31. d6 Rd8 32. Rd2 e5 33. Rxe5 Rfxd6 34. Rxd6 Rxd6
35. Re1 a5 36. Ra1 Rf6 37. Kg2 Ke6 38. g4 Kd7 39. Kg3 Kc6 40. g5 Rf5 41. Kg4 g6 42.
h4 Rb5 43. Rf1 Rb4+ 44. Kh3 a4 45. Rf7 Rb3+ 46. Kg4 a3 47. Ra7 b5 48. Kf4 b4 49.
Rxh7 Kb6 50. h5 a2 51. hxg6 a1=Q 52. g7 Qf1+ 53. Ke4 Qb1+ 54. Kd4 0-1

[Event "2024 British Rapidplay Championship"]
[Site "Holiday Inn Peterborough - West"]
[Date "2024.03.03"]
[Round "7.88"]
[White "Fisher, Neal"]
[Black "Ebbutt, Samuel"]
[Result "1/2-1/2"]
[WhiteFideId "442100"]
[BlackFideId "343421644"]
[WhiteElo "1647"]
[BlackElo "1521"]
[EventDate "2024.03.02"]

1. d4 c6 2. Bf4 d6 3. e3 g6 4. c3 Bg7 5. Nf3 Bg4 6. Nbd2 Nf6 7. h3 Bxf3 8. Nxf3 O-O
9. Bg5 Nbd7 10. Be2 e5 11. dxe5 Nxe5 12. Nxe5 dxe5 13. O-O Qb6 14. Qb3 Qxb3 15. axb3
Ne4 16. Be7 Rfe8 17. Ba3 Nd2 18. Rfd1 Nxb3 19. Ra2 Rad8 20. Rxd8 Rxd8 21. Bf3 Nd2
22. Bb4 Nxf3+ 23. gxf3 a6 24. e4 Bh6 25. Kf1 Rd1+ 26. Kg2 Bf4 27. Bc5 h5 28. b4 Rc1
29. Be7 Rxc3 30. Bf6 Rd3 31. b5 cxb5 32. Rc2 g5 33. h4 gxh4 34. Bxh4 Kh7 35. Rc7
Kg6 36. Rxb7 Rb3 37. Rb6+ Kg7 38. Rxa6 b4 39. Rb6 Rb1 40. Rb5 b3 41. Bg3 Bh6 42.
Bxe5+ Kg6 43. Rb6+ Kh7 44. Rb7 Kg8 1/2-1/2

[Event "2024 British Rapidplay Championship"]
[Site "Holiday Inn Peterborough - West"]
[Date "2024.03.03"]
[Round "7.89"]
[White "Yu, Robin"]
[Black "Cepoi, Gesneria-Codruta"]
[Result "0-1"]
[WhiteFideId "343401333"]
[BlackFideId "1285297"]
[WhiteElo "1554"]
[BlackElo "1655"]
[EventDate "2024.03.02"]

1. c4 e5 2. Nc3 Nc6 3. g3 Nf6 4. Bg2 d6 5. e4 Be6 6. d3 Nd4 7. Nge2 c5 8. O-O a6
9. a4 Be7 10. h3 O-O 11. f4 g6 12. f5 Bd7 13. Nxd4 cxd4 14. Nd5 Rc8 15. Nxe7+ Qxe7
16. Bg5 Kg7 17. Qd2 Kg8 18. h4 h5 19. b3 b5 20. Rf2 gxf5 21. exf5 Kh7 22. Qe2 Rg8
23. Bxf6 Qxf6 24. Qxh5+ Kg7 25. Bb7 Rcd8 26. Bxa6 bxa4 27. bxa4 Kf8 28. Kh2 Ke7 29.
Bb5 Rh8 30. Qf3 Rdg8 31. Bxd7 Rxh4+ 32. gxh4 Qxh4+ 33. Qh3 Qxf2+ 34. Kh1 Kxd7 35.
f6+ Kc6 36. Rf1 Qg3 37. Qxg3 Rxg3 38. Rd1 Kc5 39. Kh2 Rf3 0-1

[Event "2024 British Rapidplay Championship"]
[Site "Holiday Inn Peterborough - West"]
[Date "2024.03.03"]
[Round "7.90"]
[White "Hristov, Georgi"]
[Black "Broomfield, Daniel"]
[Result "1-0"]
[WhiteFideId "5901766"]
[BlackFideId "343110840"]
[WhiteElo "1654"]
[BlackElo "1519"]
[EventDate "2024.03.02"]

1. d4 Nf6 2. Nf3 g6 3. c4 Bg7 4. Nc3 O-O 5. g3 d6 6. Bg2 Nbd7 7. O-O e5 8. dxe5 dxe5
9. Bg5 h6 10. Bd2 c6 11. Qc2 Nh7 12. e4 a5 13. Be3 Qc7 14. Rfd1 Nb6 15. b3 f5 16.
Nh4 f4 17. Bc5 Rf6 18. Rd3 Nd7 19. Ba3 Bf8 20. Bxf8 Nhxf8 21. Rad1 Ne6 22. Rd6 Nd4
23. R6xd4 exd4 24. Rxd4 Qe5 25. Qd2 Qe6 26. Ne2 fxg3 27. hxg3 c5 28. Rd5 Ra7 29.
Qxh6 Qf7 30. Rg5 Nf8 31. Nf4 b6 32. Nhxg6 Nxg6 33. Rxg6+ Rxg6 34. Qxg6+ Qxg6 35.
Nxg6 Kf7 36. Ne5+ Ke6 37. f4 Rg7 38. Bh3+ 1-0

[Event "2024 British Rapidplay Championship"]
[Site "Holiday Inn Peterborough - West"]
[Date "2024.03.03"]
[Round "7.91"]
[White "Ferris, Oliver"]
[Black "Veeturi, Yashvardhan"]
[Result "1/2-1/2"]
[WhiteFideId "343400850"]
[BlackFideId "343402496"]
[WhiteElo "1546"]
[BlackElo "1642"]
[EventDate "2024.03.02"]

1. e4 e6 2. d4 d5 3. e5 Bd7 4. Nf3 a6 5. Be3 Bb5 6. Bd3 Bxd3 7. Qxd3 Ne7 8. O-O Nf5
9. Nbd2 c5 10. c3 c4 11. Qc2 Be7 12. Rfe1 O-O 13. Nf1 b5 14. Bd2 Nc6 15. Ne3 Nh4
16. Nxh4 Bxh4 17. Rf1 Be7 18. f4 g6 19. Kh1 b4 20. g4 bxc3 21. bxc3 f5 22. g5 Qc7
23. h4 Kf7 24. Rf2 Rab8 25. Rh2 Qa5 26. h5 Rh8 27. h6 Ba3 28. Bc1 Rb7 29. Nd1 Rhb8
30. Rd2 Bxc1 31. Qxc1 Rb5 32. Kg1 Qa4 33. Nb2 Qa5 34. Nd1 Qa4 35. Nb2 Qa5 36. Nd1
Ke8 37. Kf1 Kd7 38. Ke2 Qa4 39. Nb2 Qa3 40. Nd1 Qxc1 41. Rxc1 Na7 42. Rcc2 Nc8 43.
Rb2 1/2-1/2

[Event "2024 British Rapidplay Championship"]
[Site "Holiday Inn Peterborough - West"]
[Date "2024.03.03"]
[Round "7.92"]
[White "Hill, Callum"]
[Black "Sriram, Gautam"]
[Result "1-0"]
[WhiteFideId "343403913"]
[BlackFideId "498491"]
[WhiteElo "1635"]
[BlackElo "1480"]
[EventDate "2024.03.02"]

1. e4 d5 2. exd5 Qxd5 3. Nc3 Qa5 4. Bc4 Bf5 5. d3 c6 6. Nf3 Nf6 7. Bd2 Qc7 8. Qe2
Nbd7 9. O-O e6 10. Rfe1 Bd6 11. Rad1 O-O 12. Be3 Bg4 13. h3 Bxf3 14. Qxf3 Nd5 15.
Qg4 N7f6 16. Qe2 Rfe8 17. Bxd5 Nxd5 18. Ne4 Be7 19. Bc5 Bxc5 20. Nxc5 Qb6 21. Nb3
a5 22. Rb1 a4 23. Nd2 Qc7 24. Nc4 b5 25. Ne5 a3 26. c4 Nf6 27. cxb5 cxb5 28. bxa3
Rxa3 29. Rxb5 Rea8 30. Rb2 Qc3 31. Reb1 h6 32. Rb8+ Rxb8 33. Rxb8+ Kh7 34. Nxf7 Qa1+
35. Kh2 Qxa2 36. Rh8+ Kg6 37. Ne5+ Kf5 38. g4+ Nxg4+ 1-0

[Event "2024 British Rapidplay Championship"]
[Site "Holiday Inn Peterborough - West"]
[Date "2024.03.03"]
[Round "7.93"]
[White "Dupuis, Daniel"]
[Black "Middleton, Tom"]
[Result "1/2-1/2"]
[WhiteFideId "343410529"]
[BlackFideId "402834"]
[WhiteElo "1542"]
[BlackElo "1947"]
[EventDate "2024.03.02"]

1. e4 e5 2. Nf3 Nc6 3. Bc4 Nf6 4. d3 Be7 5. Nc3 O-O 6. Bg5 d6 7. O-O Na5 8. Bb3 Nxb3
9. axb3 h6 10. Bh4 Be6 11. d4 exd4 12. Qxd4 a6 13. Ne2 Bg4 14. Qe3 Re8 15. Rfd1 Bxf3
16. Qxf3 Nxe4 17. Qxe4 Bxh4 18. Qf3 Bf6 19. Nc3 c6 20. Rab1 d5 21. h3 Qc7 22. Ne2
Re7 23. Nf4 Be5 24. Nd3 Bd6 25. c4 dxc4 26. bxc4 Rae8 27. c5 Be5 28. Nxe5 Rxe5 29.
b4 a5 30. bxa5 Rxc5 31. Qb3 Rxa5 32. Qxb7 Qxb7 33. Rxb7 1/2-1/2

[Event "2024 British Rapidplay Championship"]
[Site "Holiday Inn Peterborough - West"]
[Date "2024.03.03"]
[Round "7.94"]
[White "Herring, Tim JC"]
[Black "Blair, Jimmy"]
[Result "1-0"]
[WhiteFideId "429775"]
[BlackFideId "437565"]
[WhiteElo "1755"]
[BlackElo "1580"]
[EventDate "2024.03.02"]

1. d4 d5 2. Bf4 Nf6 3. Nf3 Nc6 4. e3 Bf5 5. Bd3 Ne4 6. Nbd2 e6 7. h3 g5 8. Bxe4 gxf4
9. Bxf5 exf5 10. exf4 Qe7+ 11. Qe2 Qxe2+ 12. Kxe2 O-O-O 13. Rae1 Bg7 14. c3 Na5 15.
Kd3 Bf6 16. Ne5 Rhf8 17. Re2 h5 18. Rhe1 c6 19. b4 Nc4 20. Nexc4 dxc4+ 21. Nxc4 Rd5
22. Re8+ Rxe8 23. Rxe8+ Kc7 24. Ne5 Bxe5 25. fxe5 Rd7 26. Rh8 Kb6 27. Rxh5 a5 28.
a3 axb4 29. axb4 Kb5 30. Rxf5 Ka4 31. h4 Kb3 32. h5 b6 33. h6 c5 34. Rf4 c4 35. Kd2
Ra7 36. h7 Ra2+ 37. Ke3 Kxc3 38. h8=Q Kb2 39. d5 Ra3+ 40. Ke2 c3 41. e6 Kb3 42. Qxc3+
1-0

[Event "2024 British Rapidplay Championship"]
[Site "Holiday Inn Peterborough - West"]
[Date "2024.03.03"]
[Round "7.95"]
[White "Stokes, Richard"]
[Black "Halpin, David"]
[Result "1-0"]
[WhiteFideId "432628"]
[BlackFideId "343403484"]
[WhiteElo "1692"]
[BlackElo "1371"]
[EventDate "2024.03.02"]

1. e4 c6 2. d4 d5 3. f3 e6 4. c4 Be7 5. cxd5 cxd5 6. e5 Nc6 7. Ne2 f6 8. f4 Bb4+
9. Nbc3 f5 10. Ng3 Qa5 11. Nge2 b6 12. Bd2 Bxc3 13. Bxc3 Qa6 14. Ng3 g6 15. Bxa6
Bxa6 16. Qa4 Bb7 17. O-O a6 18. Rac1 b5 19. Qa3 Nge7 20. Bb4 h5 21. Bxe7 Nxe7 22.
Rc7 Rh7 23. Rxb7 Rc8 24. Qxa6 1-0

[Event "2024 British Rapidplay Championship"]
[Site "Holiday Inn Peterborough - West"]
[Date "2024.03.03"]
[Round "7.97"]
[White "Hutchinson, Stephen A"]
[Black "Brown, Chris"]
[Result "0-1"]
[WhiteFideId "488186"]
[BlackFideId "343412343"]
[WhiteElo "1122"]
[BlackElo "1623"]
[EventDate "2024.03.02"]

1. d4 d5 2. Bf4 Nf6 3. Nf3 c5 4. Nbd2 Bf5 5. e3 Nc6 6. Bb5 Qb6 7. Bd3 Bxd3 8. cxd3
cxd4 9. exd4 Nxd4 10. Nxd4 Qxd4 11. Nf3 Qxf4 12. O-O e6 13. d4 Qd6 14. Qa4+ Qd7 15.
Qb3 Bd6 16. h3 O-O 17. Rfe1 Rfc8 18. Rac1 Ne4 19. Qd3 Rc6 20. Rxc6 Qxc6 21. Ne5 Bxe5
22. dxe5 Qb6 23. Kh1 Nxf2+ 24. Kh2 Nxd3 25. Rd1 Nxe5 26. Re1 f6 27. Rb1 Rc8 28. b4
Rc2 29. a4 Qf2 30. a5 Qxg2# 0-1

[Event "2024 British Rapidplay Championship"]
[Site "Holiday Inn Peterborough - West"]
[Date "2024.03.03"]
[Round "7.99"]
[White "Waterman, Nick I"]
[Black "Arun, Saiarya"]
[Result "1-0"]
[WhiteFideId "443123"]
[BlackFideId "343412548"]
[WhiteElo "1667"]
[BlackElo "1485"]
[EventDate "2024.03.02"]

1. Nf3 d5 2. c4 e6 3. g3 c5 4. e3 Nc6 5. Bg2 Nf6 6. O-O Bd6 7. b3 O-O 8. Bb2 Re8
9. Nc3 Qe7 10. cxd5 exd5 11. d4 Be6 12. Rc1 b6 13. Nb5 Bb8 14. dxc5 bxc5 15. Ba3
Qb7 16. Nc3 c4 17. bxc4 dxc4 18. Nd4 Bd7 19. Rb1 Qc8 20. Qf3 Re6 21. Nxe6 fxe6 22.
Rfd1 Be5 23. Ne4 Nxe4 24. Qxe4 c3 25. Rdc1 a5 26. Rb5 Bf6 27. Rc5 Ra6 28. f4 Qe8
1-0

[Event "2024 British Rapidplay Championship"]
[Site "Holiday Inn Peterborough - West"]
[Date "2024.03.03"]
[Round "7.100"]
[White "Kulibaev, Richard"]
[Black "Mehta, Hatle"]
[Result "0-1"]
[WhiteFideId "343406050"]
[BlackFideId "488003"]
[WhiteElo "1503"]
[BlackElo "1447"]
[EventDate "2024.03.02"]

1. e4 d5 2. exd5 Qxd5 3. Nc3 Qd8 4. d4 Bf5 5. Nf3 e6 6. Bc4 Nf6 7. O-O Bb4 8. Qe2
Bxc3 9. bxc3 O-O 10. Bg5 h6 11. Bxf6 Qxf6 12. Rfe1 Re8 13. Qd2 Nd7 14. Rab1 b6 15.
Bb5 Re7 16. Bc6 Rd8 17. Bb5 c5 18. d5 e5 19. d6 Re6 20. Rbd1 Bg4 21. Qe2 Bxf3 22.
Qxf3 Qxf3 23. gxf3 f6 24. f4 Kh7 25. Bd3+ Kh8 26. Bf5 Ree8 27. Bg6 Rf8 28. f5 b5
29. Bh5 Nb6 30. Be2 c4 31. Bf3 Na4 32. Re3 Nc5 33. Bc6 a6 34. Rd5 Nd7 35. Rg3 Nb6
36. Rd1 Rf7 37. Re3 Kh7 38. Rg3 Kh8 39. Be4 Rfd7 40. Kg2 Rxd6 41. Rxd6 Rxd6 42. Bb7
a5 43. Ba6 b4 44. cxb4 axb4 45. Bb5 Rd2 46. Rg4 Rxc2 47. Kf3 Rxa2 48. Kg2 c3 49.
Rxb4 c2 50. Bd3 c1=Q 51. Rxb6 Qd2 52. Rb8+ Kh7 53. Be4 Qxf2+ 54. Kh3 Qe3+ 55. Kh4
Qxe4+ 56. Kh5 Rxh2# 0-1

[Event "2024 British Rapidplay Championship"]
[Site "Holiday Inn Peterborough - West"]
[Date "2024.03.03"]
[Round "8.1"]
[White "Davtyan, Artur"]
[Black "Royal, Shreyas"]
[Result "1/2-1/2"]
[WhiteFideId "13308327"]
[BlackFideId "448869"]
[WhiteElo "2416"]
[BlackElo "2331"]
[EventDate "2024.03.02"]

1. d4 d5 2. c4 dxc4 3. e4 e5 4. Nf3 Bb4+ 5. Nc3 exd4 6. Nxd4 Nd7 7. Bxc4 Ngf6 8.
O-O O-O 9. Bg5 Ne5 10. Be2 c6 11. a3 Ba5 12. Qa4 b5 13. Bxf6 gxf6 14. Qd1 Bb6 15.
Nc2 Qxd1 16. Raxd1 Be6 17. Nd4 Rfd8 18. Nxe6 fxe6 19. g3 Kf7 20. Kg2 Ke7 21. f4 Nc4
22. Bxc4 bxc4 23. Na4 Rab8 24. Rfe1 Ba5 25. Rxd8 Rxd8 26. Re2 Bd2 27. e5 f5 28. Nc5
Rd5 29. Nb7 c3 30. bxc3 Bxc3 31. Rc2 Rd2+ 32. Rxd2 Bxd2 33. Kf3 Bc1 34. Na5 Kd7 35.
Nc4 c5 36. Ke2 Kc6 37. a4 Kd5 38. Kd3 h5 39. h4 Kc6 40. Kc2 Kd5 41. Kd3 Kc6 42. Kc2
Kd5 43. Kd3 1/2-1/2

[Event "2024 British Rapidplay Championship"]
[Site "Holiday Inn Peterborough - West"]
[Date "2024.03.03"]
[Round "8.2"]
[White "Kanyamarala, Tarun"]
[Black "Willow, Jonah B"]
[Result "0-1"]
[WhiteFideId "45004714"]
[BlackFideId "438804"]
[WhiteElo "2266"]
[BlackElo "2295"]
[EventDate "2024.03.02"]

1. d4 Nf6 2. c4 e6 3. Nc3 Bb4 4. Qc2 c5 5. dxc5 Na6 6. a3 Bxc3+ 7. Qxc3 Nxc5 8. b4
Nce4 9. Qc2 d5 10. f3 Nd6 11. c5 Nf5 12. e3 Qc7 13. Kf2 e5 14. Bb5+ Bd7 15. Qxf5
Bxb5 16. Bb2 Nd7 17. Nh3 g6 18. Qg5 f6 19. Qg4 Qc6 20. Rhd1 O-O 21. Kg1 a5 22. f4
Ba4 23. Rdc1 Rfe8 24. Nf2 Bb5 25. Qg3 Qe6 26. Ng4 Kg7 27. fxe5 fxe5 28. Qh4 h5 29.
Nf2 Rf8 30. Nh3 Qf5 31. a4 Bd3 32. Nf2 g5 33. Qg3 h4 34. Qf3 Qxf3 35. gxf3 Be2 36.
Ng4 axb4 37. Nxe5 Nxe5 38. Bxe5+ Kh7 39. f4 gxf4 40. exf4 Bc4 41. Kf2 Rae8 42. Ke3
b3 43. Rab1 Rg8 44. Rg1 h3 45. Kf2 d4 46. Rg3 Rxg3 47. hxg3 Bd5 48. Kg1 d3 49. Rb2
Ra8 50. Kh2 Rxa4 51. Kxh3 Ra2 52. Rb1 d2 53. Kg4 Rc2 54. Bb2 Rxb2 0-1

[Event "2024 British Rapidplay Championship"]
[Site "Holiday Inn Peterborough - West"]
[Date "2024.03.03"]
[Round "8.3"]
[White "Gormally, Daniel W"]
[Black "Bowcott-Terry, Finlay"]
[Result "1-0"]
[WhiteFideId "406465"]
[BlackFideId "449199"]
[WhiteElo "2463"]
[BlackElo "2055"]
[EventDate "2024.03.02"]

1. d4 f5 2. Bg5 h6 3. Bh4 g5 4. e3 Nf6 5. Bg3 Bg7 6. h4 g4 7. h5 d6 8. Ne2 O-O 9.
Nf4 e6 10. Nd2 Re8 11. Bc4 d5 12. Bb3 c5 13. dxc5 Nc6 14. Qe2 Qa5 15. c3 Qxc5 16.
Bh4 e5 17. Nd3 Qd6 18. Bxf6 Bxf6 19. e4 Be6 20. exf5 Bxf5 21. Ne4 Bxe4 22. Qxe4 Ne7
23. Qxg4+ Kh8 24. O-O-O Rg8 25. Qb4 Qxb4 26. Nxb4 Rxg2 27. Nxd5 Nxd5 28. Rxd5 Rxf2
29. Rd7 e4 30. Re1 e3 31. Bc4 Bg5 32. Re2 Rf1+ 33. Kc2 Rh1 34. Rxb7 Rd8 35. Bd3 a5
36. Rh7+ Kg8 37. Ra7 Rxh5 38. Rxa5 Rh3 39. a4 Rf3 40. Rf5 Rf4 41. Rxf4 Bxf4 42. a5
h5 43. b4 h4 44. Bf5 Kg7 45. b5 Rd5 46. Bd3 h3 47. a6 h2 48. Be4 Rd7 49. b6 Bb8 50.
a7 Bxa7 51. bxa7 Rxa7 52. Kd3 Kf6 53. Rxh2 Ra3 54. Re2 Ke5 55. Rxe3 Kd6 56. Kd4 Ra1
57. Rh3 Rd1+ 58. Bd3 Re1 59. Rh6+ Ke7 60. c4 1-0

[Event "2024 British Rapidplay Championship"]
[Site "Holiday Inn Peterborough - West"]
[Date "2024.03.03"]
[Round "8.4"]
[White "Roberson, Peter T"]
[Black "Badacsonyi, Stanley"]
[Result "1-0"]
[WhiteFideId "412384"]
[BlackFideId "486973"]
[WhiteElo "2401"]
[BlackElo "2105"]
[EventDate "2024.03.02"]

1. e4 e6 2. d4 d5 3. e5 c5 4. c3 Nc6 5. Nf3 Bd7 6. Be2 Nge7 7. O-O cxd4 8. cxd4 Nf5
9. Nc3 Rc8 10. Kh1 h5 11. Be3 Be7 12. Qd2 a6 13. Bd3 Nh6 14. Ne2 Qa5 15. Qd1 g6 16.
Bg5 Nf5 17. Bxf5 exf5 18. Nf4 Nd8 19. Qb3 Rc4 20. Bxe7 Kxe7 21. Rac1 Rxc1 22. Rxc1
Bc6 23. Rc5 b5 24. Nxd5+ Kf8 25. Qb4 Qxb4 26. Nxb4 Bxf3 27. gxf3 Kg7 28. d5 Re8 29.
Rc8 Kf8 30. d6 a5 31. d7 axb4 32. dxe8=R+ Kxe8 33. Rc5 Ne6 34. Rxb5 Nd4 35. Rxb4
Nxf3 36. a4 Nxe5 37. a5 Nc6 38. a6 Kd8 39. Rb8+ Kc7 40. Rb7+ 1-0

[Event "2024 British Rapidplay Championship"]
[Site "Holiday Inn Peterborough - West"]
[Date "2024.03.03"]
[Round "8.5"]
[White "Eckersley-Waites, Tom"]
[Black "Hebden, Mark L"]
[Result "1-0"]
[WhiteFideId "412449"]
[BlackFideId "400084"]
[WhiteElo "2264"]
[BlackElo "2436"]
[EventDate "2024.03.02"]

1. e4 e5 2. Nf3 Nc6 3. d4 exd4 4. Nxd4 Nf6 5. Nxc6 bxc6 6. e5 Qe7 7. Qe2 Nd5 8. c4
Nb6 9. Nc3 Ba6 10. Qe4 Qe6 11. b3 Bb4 12. Bd2 Bxc3 13. Bxc3 d5 14. Qh4 dxc4 15. Rc1
Qg6 16. g3 O-O 17. Be2 c5 18. O-O Bb7 19. bxc4 Rfe8 20. Ba1 Nd7 21. f4 Qe4 22. Kf2
f6 23. Rc3 Qg2+ 24. Ke1 fxe5 25. Re3 Nf8 26. f5 Rad8 27. f6 Rd7 28. fxg7 Rxg7 29.
Rxe5 Rb8 30. Re7 Rg6 31. Qh6 1-0

[Event "2024 British Rapidplay Championship"]
[Site "Holiday Inn Peterborough - West"]
[Date "2024.03.03"]
[Round "8.6"]
[White "Harris, Michael"]
[Black "Ledger, Andrew J"]
[Result "0-1"]
[WhiteFideId "402028"]
[BlackFideId "400610"]
[WhiteElo "2233"]
[BlackElo "2376"]
[EventDate "2024.03.02"]

1. d4 Nf6 2. c4 c6 3. Nf3 d5 4. g3 Bf5 5. cxd5 cxd5 6. Qb3 Qc8 7. Nc3 e6 8. Bg2 Nc6
9. O-O Be7 10. Bf4 O-O 11. Rac1 Nh5 12. Rfd1 Nxf4 13. gxf4 Qd7 14. Ne5 Nxe5 15. dxe5
Bg4 16. Rd3 Rac8 17. h3 Bh5 18. f5 Qc7 19. Re1 Qxe5 20. fxe6 fxe6 21. Re3 Qf6 22.
Rf1 Kh8 23. Qxb7 Bc5 24. Rg3 Bxf2+ 25. Kh1 Qe5 26. Rd3 Bc5 27. Rxf8+ Rxf8 28. Nxd5
Bd6 29. Bf1 0-1

[Event "2024 British Rapidplay Championship"]
[Site "Holiday Inn Peterborough - West"]
[Date "2024.03.03"]
[Round "8.7"]
[White "Gasanov, Eldar"]
[Black "Martin, Lewis"]
[Result "1-0"]
[WhiteFideId "14104466"]
[BlackFideId "410551"]
[WhiteElo "2391"]
[BlackElo "2192"]
[EventDate "2024.03.02"]

1. d4 d5 2. c4 c6 3. Nf3 Nf6 4. Nc3 e6 5. Bg5 h6 6. Bxf6 Qxf6 7. Qb3 Bd6 8. e4 dxe4
9. Nxe4 Qe7 10. Bd3 Nd7 11. O-O O-O 12. Nxd6 Qxd6 13. Rad1 b6 14. Bb1 Rd8 15. Qc2
Nf8 16. c5 Qc7 17. Rfe1 a5 18. Ne5 bxc5 19. Qxc5 Bb7 20. Be4 Rac8 21. Nc4 a4 22.
Qb4 Ra8 23. Nb6 Ra7 24. Nxa4 Nd7 25. b3 Nf6 26. Bf3 Nd5 27. Bxd5 Rxd5 28. Nc5 Bc8
29. a4 Qd6 30. Qb6 Re7 31. Ne4 Qd7 32. Nc3 Rd6 33. h3 Re8 34. Ne4 Rd5 35. Nc5 Qd6
36. a5 Rd8 37. a6 Bxa6 38. Nxa6 Rb5 39. Qa7 Rxb3 40. Nc5 Rb5 41. Ne4 Qb4 42. Qc7
Rxd4 43. Qxc6 Rbd5 44. Rb1 Qa5 45. Qe8+ Kh7 46. Qxf7 Rf5 47. Qxe6 Re5 48. Nf6+ gxf6
49. Qf7+ Kh8 50. Qxf6+ 1-0

[Event "2024 British Rapidplay Championship"]
[Site "Holiday Inn Peterborough - West"]
[Date "2024.03.03"]
[Round "8.8"]
[White "Larchikov, Maksym"]
[Black "Hunt, Harriet V"]
[Result "1/2-1/2"]
[WhiteFideId "34120815"]
[BlackFideId "403512"]
[WhiteElo "1981"]
[BlackElo "2342"]
[EventDate "2024.03.02"]

1. d4 Nf6 2. Nf3 e6 3. c4 b6 4. Nc3 Bb4 5. Bg5 Bb7 6. e3 h6 7. Bh4 g5 8. Bg3 Ne4
9. Qc2 d6 10. Bd3 Bxc3+ 11. bxc3 f5 12. d5 exd5 13. cxd5 Bxd5 14. Nd4 Qf6 15. f3
Nxg3 16. hxg3 Qe5 17. Nxf5 Nd7 18. Kf2 Nc5 19. Nd4 O-O-O 20. a4 a5 21. g4 Rde8 22.
Rae1 Ref8 23. Bf5+ Kb8 24. Rh5 Qe8 25. Ra1 Bf7 26. Rhh1 h5 27. gxh5 Rxh5 28. Rxh5
Bxh5 29. g4 Bf7 30. Qe2 Rh8 31. Kg2 Bd5 32. e4 Bb7 33. Qb5 d5 34. exd5 Bxd5 35. Qxe8+
Rxe8 36. Kf2 Rh8 37. Kg2 Kb7 38. Bc2 Bc4 39. Rd1 Rd8 40. Kg3 Re8 41. Kf2 Re5 42.
Rd2 Bf7 43. Rd1 Be8 44. Ra1 Bd7 45. Ra2 Ka7 46. Bf5 Be8 47. Bc2 Ka6 48. Ra1 Bd7 1/2-1/2

[Event "2024 British Rapidplay Championship"]
[Site "Holiday Inn Peterborough - West"]
[Date "2024.03.03"]
[Round "8.9"]
[White "Jones, Steven A"]
[Black "Toma, Katarzyna"]
[Result "1/2-1/2"]
[WhiteFideId "419630"]
[BlackFideId "1119907"]
[WhiteElo "2194"]
[BlackElo "2122"]
[EventDate "2024.03.02"]

1. e4 c5 2. Nf3 Nc6 3. Nc3 g6 4. d4 cxd4 5. Nxd4 Bg7 6. Be3 Nf6 7. Bc4 Qa5 8. O-O
O-O 9. Bb3 d6 10. Nd5 Re8 11. Nxf6+ Bxf6 12. c3 Bd7 13. Nc2 Rac8 14. f4 Qc7 15. g4
Na5 16. g5 Bg7 17. f5 Nxb3 18. axb3 Bc6 19. Qd3 a6 20. Nb4 Bb5 21. c4 Bc6 22. Rf2
e6 23. f6 Bf8 24. Nxc6 Qxc6 25. Rc1 Qd7 26. h4 d5 27. e5 Qc7 28. Bd4 dxc4 29. Rxc4
Qa5 30. Qc3 Qd5 31. Rxc8 Rxc8 32. Qxc8 Qxd4 33. Qxb7 Qd1+ 34. Kg2 Qg4+ 35. Kf1 Qd1+
1/2-1/2

[Event "2024 British Rapidplay Championship"]
[Site "Holiday Inn Peterborough - West"]
[Date "2024.03.03"]
[Round "8.10"]
[White "Sivanandan, Bodhana"]
[Black "Han, Yichen"]
[Result "0-1"]
[WhiteFideId "497592"]
[BlackFideId "1054430"]
[WhiteElo "1904"]
[BlackElo "2334"]
[EventDate "2024.03.02"]

1. e4 c5 2. Nc3 a6 3. g3 b5 4. Bg2 Bb7 5. Nge2 e6 6. O-O Nc6 7. Re1 Qb6 8. d3 Nd4
9. Nxd4 cxd4 10. Ne2 Bc5 11. a3 a5 12. Bd2 a4 13. Nf4 Ne7 14. Qe2 O-O 15. Nh5 e5
16. g4 Ng6 17. Ng3 Nh4 18. Bh1 Be7 19. f4 Rac8 20. Rac1 exf4 21. Bxf4 Ng6 22. Bd2
Bh4 23. Qf2 Qc7 24. Bb4 Rfe8 25. Rf1 f6 26. Bg2 Bxg3 27. Qxg3 Qxg3 28. hxg3 Ne5 29.
Bh3 Rc6 30. Rfd1 Nf3+ 31. Kf2 Ng5 32. Bg2 Rce6 33. Re1 Nf7 34. Bc5 Ne5 35. Bxd4 Nxg4+
36. Kf1 Rd6 37. Bc5 Rc6 38. Bg1 Rf8 39. Bh3 Ne5 40. Be3 Rfc8 41. d4 Nf3 42. Re2 R6c7
43. Bg2 Nh2+ 44. Ke1 Rc4 45. c3 Ng4 46. Bf4 g5 47. Bd2 Re8 48. Kf1 d6 49. Rce1 Rc7
50. Bh3 Nh6 51. d5 Bc8 52. Bxc8 Rcxc8 53. Kg2 Rc4 54. Kf3 Nf7 55. Kg2 Kg7 56. Bc1
h5 57. Bd2 Kg6 58. Bc1 Ne5 59. Rd1 Nd7 60. Rd4 Nc5 61. Kf3 g4+ 62. Kg2 Rxd4 63. cxd4
Rxe4 64. Rxe4 Nxe4 65. Bf4 Kf7 66. Kf1 Ke7 67. Ke2 f5 68. Kd3 Nf6 69. Bg5 Kf7 70.
Bf4 Ke7 71. Bg5 Kf7 72. Bf4 Nxd5 73. Bxd6 Kf6 74. Ke2 Kg5 75. Kf2 h4 76. gxh4+ Kxh4
77. Bg3+ Kh3 78. Be5 f4 79. Ke2 Kg2 80. Kd3 f3 81. Ke4 f2 82. Kxd5 f1=Q 83. Ke6 Kf3
84. d5 Qc4 85. Bc3 Ke4 86. Kd6 Qxd5+ 87. Kc7 Qe6 88. Kb7 Kd5 89. Bb4 Qc6+ 90. Ka7
Ke6 91. Bc3 Kd7 92. Bb4 Kc8 93. Bc3 Qb7# 0-1

[Event "2024 British Rapidplay Championship"]
[Site "Holiday Inn Peterborough - West"]
[Date "2024.03.03"]
[Round "8.11"]
[White "Ashton, Adam G"]
[Black "Kanyamarala, Trisha"]
[Result "0-1"]
[WhiteFideId "410110"]
[BlackFideId "45004722"]
[WhiteElo "2345"]
[BlackElo "2073"]
[EventDate "2024.03.02"]

1. e4 c5 2. Nf3 d6 3. Bc4 Nf6 4. d3 Nc6 5. c3 e6 6. Bb3 Be7 7. O-O O-O 8. Re1 Qc7
9. d4 e5 10. d5 Na5 11. Bc2 Bg4 12. Nbd2 b5 13. h3 Bh5 14. Nf1 Nc4 15. Ng3 Bg6 16.
Nh4 Ne8 17. Nhf5 Bxf5 18. Nxf5 g6 19. Nxe7+ Qxe7 20. Qe2 a6 21. a4 Nc7 22. Bd3 Nb6
23. axb5 c4 24. Bc2 axb5 25. Be3 Nd7 26. Qd2 Rfb8 27. Reb1 Na6 28. b4 cxb3 29. Rxb3
Ndc5 30. Rba3 Qb7 31. Bh6 Qe7 32. Bg5 f6 33. Be3 Qb7 34. f4 exf4 35. Bxf4 Qb6 36.
Kh1 Re8 37. Qd4 Qd8 38. Rb1 Rb8 39. Ra2 Qe7 40. Rab2 Nc7 41. c4 Rb6 42. cxb5 Reb8
43. Qc4 Qd7 44. Be3 Rxb5 45. Rxb5 Rxb5 46. Rf1 Ne8 47. Bd4 Rb8 48. Bxf6 Nxf6 49.
Rxf6 Qg7 50. e5 Nd7 51. Rxd6 Nxe5 52. Qe4 Re8 53. Ba4 Rf8 54. Re6 Nf7 55. Re7 Qf6
56. Bb5 Nd6 0-1